000 00677nam a2200241Ia 4500
003 OSt
005 20220928121404.0
006 a|||||r|||| 00| 0
007 ta
008 220927b |||||||| |||| 00| 0 eng d
024 _a70425
037 _cTextual
040 _aSDCL
_cSDCL
_beng
041 _2eng
_aeng
082 _aSM9,1, H6
100 _aFreud Anna
_9451834
245 0 _aPsycho-analytical treatment of children
_b Technical lectures and essays.
260 _aLondon
_bImago Publishing
_c1946
300 _axii,94p
_ccm.
650 _aPsychoanalysis Children
_9451835
942 _hSM9,1, H6
_cTEXL
_2CC
999 _c765845
_d765845